000
00332nam a2200145Ia 4500
008
150301s2015 xx 000 0 und d
082
_a
574
_b
P15S
100
_a
SARDANA, S
245
_a
TEXBOOK OF PHARMACEUTICAL BIOLOGY
250
_a
5TH
260
_b
BIRLA PUBLISHER
300
_a
260
650
_a
BIOLOGY
942
_2
ddc
_c
BK
_0
8
999
_c
7057
_d
7057